Statistiques concernant Petit Bac Star Wars

Cliquez ici pour prendre le quiz!

Statistiques générales

  • Ce quiz a été pris 4 202 fois
    (1 875 depuis la dernière actualisation)
  • Le résultat moyen est 13 sur 26

Statistiques - réponses

LettrePersonnage% Correct
AAnakin Skywalker/Ackbar/Wedge Antilles/Padmé Amidala
96%
LLeia Organa/Luke Skywalker/Lando Calrissian/Owen Lars/Luminara Unduli
88%
PPoe Dameron/Palpatine/Padmé Amidala/Ponda Baba/Yarael Poof
86%
CC-3PO/Chewbacca
83%
RR2D2/ Rey/Rose Tico/Kylo Ren/Obi Wan Kenobi
83%
BBB8/Boba Fett/Biggs Darklighter/Beru Whitesun/Ponda Baba/Jar Jar Binks/Zorii Bliss
82%
DDark Vador/Dark Sidious/Dark Maul/Dooku/Biggs Darklighter/Poe Dameron
81%
JQui Gon Jinn/Jabba le Hutt/Jar Jar Binks/Jango
77%
YYoda/Yarael Poof/Yaddle
74%
OObi Wan Kenobi/Owen Lars
70%
HHan Solo/Hux
69%
KObi Wan Kenobi/Kylo Ren/Eeth Koth/Ki-Adi-Mundi
61%
VDark Vador
57%
QQui Gon Jinn
52%
FFinn
51%
WMace Windu/Wedge Antilles/Wilhuff Tarkin/Wioslea
43%
MEphant Mom/Mace Windu
37%
GGrievous/Greedo
34%
SHan Solo/Snoke/Anakin Skywalker/Luke Skywalker
33%
TWilhuff Tarkin/Rose Tico/Ten Numb
18%
XX
17%
ULuminara Unduli
6%
ECornelius Evazan/Eeth Koth
5%
ZZuckuss/Zorii Bliss
4%
NTen Numb/Nien Nunb
3%
ISidon Ithano
0%

Distribution des résultats

Percentile par nombre de réponses

% des personnes avec chaque résultat

Votre développement - résultats

Vous n’avez pas pris ce quiz depuis la dernière actualisation